• 首页
  • 本馆介绍
  • 公告通知
  • 最新文献
  • 馆藏检索
  • 电子资源
  • 读者导购
  • 参考咨询
  • 我的图书馆
  • 登录
  • 详细信息显示
  • 放入我的书架
  • 预约/预借图书
  • 作者相关作品
  • 分类相关作品
  • 丛书相关作品
  • 出版社相关作品

书目信息

  • 表格格式
  • 工作单格式
  • 卡片格式
题名:
文艺心理学
    
 
作者: 朱光潜 著
分册:  
出版信息: 合肥   安徽教育出版社  1996
页数: 324页
开本: 20cm
丛书名:
单 册:
中图分类: I0-05
科图分类:
主题词: 文学--关系
电子资源:
ISBN: 7-5336-1950-1
000 00546nam0 2200205 45
001 0198020562
005 20050324161730.3
010    @a7-5336-1950-1@dCNY13.30
100    @a19980415d1996 em y0chiy0121 ea
101 0  @achi
102    @aCN@b340000
105    @ay z 000yy
200 10 @a文艺心理学@Awen yi xin li xue@f朱光潜著@FZhu Guang Qian Zhu
210    @a合肥@c安徽教育出版社@d1996
215    @a324页@d20cm
606 0  @a文学@x关系
690    @aI0-05@v3
701  0 @a朱光潜@4著
801  0 @aCN@bNLC@c19980428
905    @dI0-05@e201@f1@b281850
    
    文艺心理学/朱光潜著.-合肥:安徽教育出版社,1996
    324页;20cm
    
    
    ISBN 7-5336-1950-1:CNY13.30
    
●
相关链接 在E读中查询图书 在五车中查询图书 在当当中查询图书 在豆瓣中查询图书


正题名:文艺心理学     索取号:I0-05/201         预约/预借

序号 登录号 条形码 馆藏地/架位号 状态 备注
1 0281847   002818473   第二借阅区/ [索取号:I0-05/201] 在馆    
2 0281848   002818482   第二借阅区/ [索取号:I0-05/201] 在馆    
3 0281849   002818491   第二借阅区/ [索取号:I0-05/201] 在馆    
4 0281850   002818507   第二借阅区/ [索取号:I0-05/201] 在馆    
5 0281851   002818516   第一样本阅览室/ [索取号:I0-05/201] 在馆    
唐山师范学院图书馆 欢迎您!
大连网信软件有限公司© 版权所有